[Event "Hannover Region-ch"]
[Site "Hannover"]
[Date "2006.01.14"]
[Round "1"]
[White "Gitkis, Alexey"]
[Black "Moje, Peter"]
[Result "1-0"]
[WhiteElo "2050"]
[BlackElo "1588"]
[PlyCount "55"]
[EventDate "2006.01.14"]
[EventType "swiss"]
[EventRounds "7"]
[EventCountry "GER"]
[SourceTitle "EXT 2021"]
[Source "ChessBase"]
[SourceDate "2020.10.23"]
[SourceVersion "1"]
[SourceVersionDate "2020.10.23"]
[SourceQuality "1"]

1. d4 Nf6 2. c4 g6 3. Nc3 d5 4. Nf3 Bg7 5. Bf4 0-0 6. e3 c5 7. dxc5 Qa5 8. Qd2 Rd8 9. Rd1 Nc6 10. Nxd5 Qxd2+ 11. Rxd2 Bf5 12. Ne5 Ne4 13. Nxc6 bxc6 14. Nxe7+ Kf8 15. Rxd8+ Rxd8 16. Nxf5 gxf5 17. Be2 Bxb2 18. 0-0 Nxc5 19. Rd1 Rxd1+ 20. Bxd1 Ne6 21. Bd6+ Kg7 22. Bc2 Kf6 23. Ba4 c5 24. Kf1 h6 25. Bd7 Ba3 26. Ke2 Ng5 27. f3 Ne6 28. Kd3 1-0